Liczba ludności państw świata #2 - Statystyki

Ogólne statystyki
  • Ten quiz został rozwiązany 61 razy
  • Średni wynik to 10 z 15
Statystyki odpowiedzi
Zagadnienie Odpowiedź % Poprawnych
Które państwo ma większą liczbę ludności? Turcja
86%
Które państwo ma większą liczbę ludności? Korea Południowa
82%
Które państwo ma większą liczbę ludności? Wenezuela
82%
Które państwo ma większą liczbę ludności? Argentyna
79%
Które państwo ma większą liczbę ludności? Zimbabwe
71%
Które państwo ma większą liczbę ludności? Bahamy
68%
Które państwo ma większą liczbę ludności? Polska
68%
Które państwo ma większą liczbę ludności? Ukraina
68%
Które państwo ma większą liczbę ludności? Liechtenstein
64%
Które państwo ma większą liczbę ludności? Somalia
64%
Które państwo ma większą liczbę ludności? Boliwia
57%
Które państwo ma większą liczbę ludności? Kanada
54%
Które państwo ma większą liczbę ludności? Nigeria
54%
Które państwo ma większą liczbę ludności? Włochy
54%
Które państwo ma większą liczbę ludności? Wyspy Owcze
43%
Nie znaleziono quizów pasujących do podanych kryteriów
Rozkład punktacji
Procent ludzi z każdym wynikiem
Percentyl według liczby udzielonych odpowiedzi
Twoja historia wyników
Nie rozwiązałeś tego quizu